000
00267nam a2200109Ia 4500
008
220204s9999 xx 000 0 und d
082
_a
271
_b
WET
100
_a
WETERING, Janwillem van de
245
4
_a
The empty mirror
260
_a
New York
_b
Pocket
_c
1973
942
_c
BK
999
_c
29552
_d
29552